005380000a22002050004500003001100000008004100011020001500052040003900067041000800106082001300114100002300127245006100150260002800211300001000239650001100249650001500260650001500275650002300290650001900313LK-CoMWRAF230817t ||||| |||| 00| 0 eng d a0743409396 aLK-CoMWRAFdLK-CoMWRAFeLK-CoMWRAF aeng a460bROB aRobbinson, Anthony aUnlimited PowerbThe New Science of Personal Achievement bPoket BooksaU.K.c2001 ap.425 aEnergy aLeadership aPhysiology aPower of Precision aPower of State